<?xml version="1.0" encoding="UTF-8"?>
<collection xmlns="http://www.loc.gov/MARC21/slim">
    <record>
        <controlfield tag="001">106132</controlfield>
        <controlfield tag="005">20210615091511.0</controlfield>
        <datafield tag="037" ind1=" " ind2=" ">
            <subfield code="a">GDOC-2020-69641</subfield>
        </datafield>
        <datafield tag="041" ind1=" " ind2=" ">
            <subfield code="a">spa</subfield>
        </datafield>
        <datafield tag="041" ind1=" " ind2=" ">
            <subfield code="a">eng</subfield>
        </datafield>
        <datafield tag="100" ind1=" " ind2=" ">
            <subfield code="0">(orcid)0000-0002-9299-9717</subfield>
            <subfield code="1">387497</subfield>
            <subfield code="a">Francisco Javier Arcega, Solsona</subfield>
        </datafield>
        <datafield tag="245" ind1="0" ind2="0">
            <subfield code="9">69641</subfield>
            <subfield code="a">Sistemas eléctricos en la industria</subfield>
        </datafield>
        <datafield tag="242" ind1="0" ind2="0">
            <subfield code="9">69641</subfield>
            <subfield code="a">Electric systems in industry</subfield>
        </datafield>
        <datafield tag="260" ind1=" " ind2=" ">
            <subfield code="a">Zaragoza</subfield>
            <subfield code="b">Universidad de Zaragoza</subfield>
            <subfield code="c">2020-2021</subfield>
        </datafield>
        <datafield tag="521" ind1=" " ind2=" ">
            <subfield code="9">709</subfield>
            <subfield code="a">Programa conjunto en Máster Universitario en Ingeniería Industrial-Máster Universitario en Ingeniería Mecánica</subfield>
            <subfield code="b"> </subfield>
        </datafield>
        <datafield tag="540" ind1=" " ind2=" ">
            <subfield code="a">by-nc-sa</subfield>
            <subfield code="b">Creative Commons</subfield>
            <subfield code="c">3.0</subfield>
            <subfield code="u">http://creativecommons.org/licenses/by-nc-sa/3.0/</subfield>
        </datafield>
        <datafield tag="700" ind1=" " ind2=" ">
            <subfield code="0">(orcid)0000-0003-1619-3209</subfield>
            <subfield code="1">324575</subfield>
            <subfield code="a">María Esther Sainz, Martín</subfield>
        </datafield>
        <datafield tag="830" ind1=" " ind2=" ">
            <subfield code="9">609</subfield>
        </datafield>
        <datafield tag="856" ind1="4" ind2=" ">
            <subfield code="s">7838</subfield>
            <subfield code="u">http://zaguan.unizar.es/record/106132/files/guia-69641-en.pdf</subfield>
            <subfield code="y">Guide (english)</subfield>
        </datafield>
        <datafield tag="856" ind1="4" ind2=" ">
            <subfield code="s">8272</subfield>
            <subfield code="u">http://zaguan.unizar.es/record/106132/files/guia-69641-es.pdf</subfield>
            <subfield code="y">Guía (idioma español)</subfield>
        </datafield>
        <datafield tag="970" ind1=" " ind2=" ">
            <subfield code="a">GDOC-2020-69641</subfield>
        </datafield>
        <datafield tag="980" ind1=" " ind2=" ">
            <subfield code="a">GDOC</subfield>
            <subfield code="b">Engineering and Architecture</subfield>
            <subfield code="b">Ingeniería y Arquitectura</subfield>
            <subfield code="c">110</subfield>
        </datafield>
    </record>

    
</collection>